Clipped Words III Quiz Stats

Quiz Updated May 5, 2018

Also try: Clipped Words II
Challenge
Share
Tweet
Embed
Score 0/24 Timer 04:00
1 Play Today
Clipped Word Original Word % Correct
ammoammunition
96%
congratscongratulations
95.9%
infoinformation
95.3%
examexamination
94.5%
photophotograph
93.5%
fab (awesomeness)fabulous
93.2%
lubelubricating oil
90.6%
magmagazine
89.9%
saxsaxophone
89.6%
FedFederal Agent/Reserve
89.4%
trigtrigonometry
83.8%
botrobot
79.3%
Clipped Word Original Word % Correct
co-edco-educational student
70.2%
cab (wine)Cabernet Sauvignon
69.7%
brabrassiere
68%
methmethamphetamine
59.5%
cap (drugs)capsule
56.8%
uni (clothing)uniform
51.9%
debdebutante
50.5%
zoozoological garden
40.6%
mum (flower)chrysanthemum
40.1%
bop (music)bebop
35.4%
blogweblog
29.7%
deke (sports)decoy
5%

You're not logged in!

Compare scores with friends on all Sporcle quizzes.
Join for Free
OR
Log In

You Might Also Like...

Show Comments

Extras

Top Quizzes Today


Score Distribution

Your Account Isn't Verified!

In order to create a playlist on Sporcle, you need to verify the email address you used during registration. Go to your Sporcle Settings to finish the process.

Report this User

Report this user for behavior that violates our Community Guidelines.

Details: